[Event "Titled Tuesday intern op 13th Feb Early"]
[Site "Chess.com INT"]
[Date "2024.02.13"]
[Round "6"]
[White "Toktomushev, Teimur"]
[Black "Melikyan, Gnel"]
[Result "0-1"]
[WhiteElo "2268"]
[BlackElo "2238"]
[PlyCount "94"]
[EventDate "2024.02.13"]
[EventType "swiss (blitz)"]
[EventRounds "11"]
[EventCountry "USA"]
[SourceTitle "CB08_2024"]
[SourceDate "2024.02.21"]
[SourceVersion "1"]
[SourceVersionDate "2024.02.21"]
[SourceQuality "1"]

1. d4 d5 2. c4 dxc4 3. e3 Nf6 4. Bxc4 c5 5. Nf3 cxd4 6. exd4 e6 7. 0-0 Be7 8. Nc3 0-0 9. Bg5 Nbd7 10. Qe2 h6 11. Bh4 Nb6 12. Bb3 Bd7 13. Ne5 Be8 14. Bc2 Qxd4 15. Bg3 Nbd5 16. Ne4 Rd8 17. Rfd1 Qb6 18. Bh4 Bb5 19. Qf3 Nxe4 20. Bxe7 Nxe7 21. Qxe4 g6 22. Qh4 Qc5 23. Rxd8 Rxd8 24. h3 Kg7 25. Ng4 Qg5 26. Qxg5 hxg5 27. Rd1 Rxd1+ 28. Bxd1 Nd5 29. Bf3 Nb4 30. Bxb7 Nxa2 31. Ne3 Nb4 32. f3 Nd3 33. b3 Nc5 34. Bc8 Nxb3 35. Nc2 a5 36. Na3 Bc6 37. Ba6 Nc5 38. Be2 Bd5 39. Kf2 Kf6 40. Ke3 Ke5 41. g3 a4 42. Nb1 Nb7 43. f4+ gxf4+ 44. gxf4+ Kf6 45. Kd4 Nd6 46. Nc3 a3 47. Bd1 Nb5+ 0-1

[Event "Titled Tuesday intern op 13th Feb Late"]
[Site "Chess.com INT"]
[Date "2024.02.13"]
[Round "11"]
[White "Toktomushev, Teimur"]
[Black "Mesa Cruz, Juan Carlos"]
[Result "0-1"]
[WhiteElo "2268"]
[BlackElo "2126"]
[PlyCount "62"]
[EventDate "2024.02.13"]
[EventType "swiss (blitz)"]
[EventRounds "11"]
[EventCountry "USA"]
[SourceTitle "CB08_2024"]
[SourceDate "2024.02.21"]
[SourceVersion "1"]
[SourceVersionDate "2024.02.21"]
[SourceQuality "1"]

1. d4 Nf6 2. c4 e6 3. Nf3 d5 4. Nc3 Be7 5. Bf4 c6 6. e3 0-0 7. c5 a5 8. a3 b6 9. b4 Ba6 10. Bxa6 Nxa6 11. Ne5 Qc8 12. Rb1 Nd7 13. Nd3 f6 14. 0-0 bxc5 15. bxc5 e5 16. dxe5 Ndxc5 17. exf6 Bxf6 18. Na4 Nxa4 19. Qxa4 Qe6 20. Rb6 Rfc8 21. Rxa6 Rxa6 22. Nc5 Qg4 23. Nxa6 g5 24. h3 Qh4 25. g3 Qxh3 26. Bd6 h5 27. Rb1 h4 28. Rb8 Rxb8 29. Nxb8 Qe6 30. Qxc6 h3 31. Qc8+ Qxc8 0-1

[Event "Titled Tuesday intern op 13th Feb Late"]
[Site "Chess.com INT"]
[Date "2024.02.13"]
[Round "4"]
[White "Toktomushev, Teimur"]
[Black "Novak, Ratko"]
[Result "1-0"]
[WhiteElo "2268"]
[BlackElo "2037"]
[PlyCount "79"]
[EventDate "2024.02.13"]
[EventType "swiss (blitz)"]
[EventRounds "11"]
[EventCountry "USA"]
[SourceTitle "CB08_2024"]
[SourceDate "2024.02.21"]
[SourceVersion "1"]
[SourceVersionDate "2024.02.21"]
[SourceQuality "1"]

1. d4 d5 2. c4 c5 3. cxd5 Qxd5 4. Nc3 Qxd4 5. Be3 Qxd1+ 6. Rxd1 Nf6 7. Bxc5 Na6 8. Ba3 e5 9. Bxf8 Rxf8 10. Nf3 e4 11. Nd4 Bd7 12. e3 Nb4 13. a3 Nc6 14. Ndb5 0-0-0 15. Nd6+ Kc7 16. Ndxe4 Nxe4 17. Nxe4 f5 18. Nc3 f4 19. Nd5+ Kb8 20. Nxf4 g5 21. Nd3 Ne7 22. Be2 Ba4 23. Rd2 Ng6 24. 0-0 Ne5 25. Rc1 Bb5 26. Nxe5 Rxd2 27. Bxb5 Rfd8 28. g3 Rxb2 29. a4 a6 30. Bxa6 Rdd2 31. Nc4 Rbc2 32. Rxc2 Rxc2 33. Bb5 g4 34. Ne5 h5 35. Nd7+ Kc7 36. Nf6 Rc5 37. Kg2 Rf5 38. Ne4 Kb6 39. h3 Re5 40. Nd6 1-0

[Event "Titled Tuesday intern op 13th Feb Early"]
[Site "Chess.com INT"]
[Date "2024.02.13"]
[Round "3"]
[White "Toktomushev, Teimur"]
[Black "Velikanov, Alexander"]
[Result "1-0"]
[WhiteElo "2268"]
[BlackElo "2387"]
[PlyCount "105"]
[EventDate "2024.02.13"]
[EventType "swiss (blitz)"]
[EventRounds "11"]
[EventCountry "USA"]
[SourceTitle "CB08_2024"]
[SourceDate "2024.02.21"]
[SourceVersion "1"]
[SourceVersionDate "2024.02.21"]
[SourceQuality "1"]

1. d4 d6 2. c4 e5 3. Nf3 Nc6 4. Nc3 g6 5. dxe5 dxe5 6. Qxd8+ Kxd8 7. Bg5+ f6 8. 0-0-0+ Bd7 9. Be3 Kc8 10. g3 Be6 11. b3 Ba3+ 12. Kb1 Nge7 13. Bc1 Bf5+ 14. Ka1 Bxc1 15. Rxc1 Rd8 16. Bg2 Nb4 17. Rhd1 Rd6 18. Rxd6 cxd6 19. Nb5 Kd7 20. Rd1 Ke8 21. Nxd6+ Kf8 22. Nxb7 Rb8 23. Nc5 a5 24. Nh4 Bg4 25. f3 Bc8 26. f4 Bg4 27. Bf3 Bh3 28. fxe5 fxe5 29. Bg2 Bg4 30. h3 Bc8 31. Nf3 Nbc6 32. Ng5 h6 33. Nge6+ Kf7 34. Rf1+ Nf5 35. Bxc6 Bxe6 36. g4 Rc8 37. Nxe6 Kxe6 38. gxf5+ gxf5 39. Bd5+ Kf6 40. Kb2 Rc7 41. a3 Rg7 42. b4 a4 43. c5 Rg3 44. c6 Ke7 45. Rxf5 Kd6 46. e4 Rg2+ 47. Kc3 Rg3+ 48. Kc4 Rxa3 49. Rf6+ Kc7 50. Rf7+ Kb6 51. c7 Ra1 52. c8N+ Ka6 53. Ra7# 1-0